000 00499cam a22002054a 4500
005 20250605164314.0
008 250528s ||||||||||||||||||||||||d
035 _a22631
020 _a9780131562905
040 _aGR-AtMCL
_bgre
_dGR-AtMCL
_eAACR2
245 1 _aCOMPARATIVE INTERNATIONAL ACCOUNTING
250 _a3
260 _bPrentice Hall,
_c1991
300 _a520
700 1 _aNobes Christopher
_9726
700 1 _aParker Robert
_9727
942 _cBK
999 _c7679
_d7679